00386pab a2200145 454500008004000000100001900040245005800059260000900117300001700126362000800143650001100151650002400162700001900186773003500205180718b2015 xxu||||| |||| 00| 0 eng d aKiefer, David  aProfit maximising goes global: the race to the bottom c2015 ap.1333-1350. aSep aProfit aIncome distribution aRada, Codrina aCambridge Journal of Economics